000 00477cam a22002051 4500
001 sa 63000003
003 DLC
005 20260227111918.0
008 900112s1962 ii a 000 0 gujo
010 _asa 63000003
035 _a(OCoLC)20881277
040 _aDLC
_cWaU
_dDLC
042 _apremarc
050 0 0 _aPK1859.V87
_bV3
100 1 _aVyāsa, Bābubhāī.
245 1 0 _aVarshā.
260 _c[1962]
300 _a216 p.
_billus.
_c19 cm.
500 _aIn Gujarati.
999 _c53267
_d53267